Emerging Types of Business Risks in Insurance Industry

Podnikové aj poisťovacie spoločnosti sú nútené reagovať na novovzikajúce riziká v dôsledku zvýšenej celkovej spotreby, digitalizácie, informačných technológií a prírodných zdrojov. Problematika vyčerpateľnosti prírodných zdrojov a finančná náročnosť obnoviteľných zdrojov energie. Požiadavka primeran...

Descripción completa

Guardado en:
Detalles Bibliográficos
Autor principal: Móžiová, Darina, 1985-
Formato: Capítulo de libro
Lenguaje:inglés
Materias:
Etiquetas: Agregar Etiqueta
Sin Etiquetas, Sea el primero en etiquetar este registro!

MARC

LEADER 00000naa$a2200000$$$4500
001 0263421
005 20240502074201.9
041 0 |a eng 
044 |a SK 
245 1 0 |a Emerging Types of Business Risks in Insurance Industry  |c Darina Móžiová 
520 |a Podnikové aj poisťovacie spoločnosti sú nútené reagovať na novovzikajúce riziká v dôsledku zvýšenej celkovej spotreby, digitalizácie, informačných technológií a prírodných zdrojov. Problematika vyčerpateľnosti prírodných zdrojov a finančná náročnosť obnoviteľných zdrojov energie. Požiadavka primeranej kvalitatívnej a kvantitatívnej analýzy nových typov rizík. 
610 2 0 |a riziko podnikateľské 
610 2 0 |a poisťovne 
610 2 0 |a riadenie rizík 
610 2 0 |a zdroje energie obnoviteľné 
610 2 0 |a zdroje prírodné 
100 1 |a Móžiová, Darina, 1985-